Bach : Cantatas : Wachet auf, ruft uns die Stimme ; Herz und Mund und Tat und Leben /
Gespeichert in:
| 1. Verfasser: | |
|---|---|
| Körperschaften: | , |
| Weitere Verfasser: | , , , , , |
| Format: | Audio |
| Sprache: | German |
| Veröffentlicht: |
Hamburgo, Alemania :
Deutsche Grammophon,
1992, c1992
|
| Schriftenreihe: | (Bach Cantata Pilgrimage)
(Archiv Produktion) |
| Schlagworte: | |
| Tags: |
Keine Tags, Fügen Sie das erste Tag hinzu!
|
MARC
| LEADER | 00000njm^a2200000^a^4500 | ||
|---|---|---|---|
| 001 | 000189575 | ||
| 005 | 20251020000000.0 | ||
| 009 | 20260310102418.818 | ||
| 037 | |a Acervo ITESO - Biblioteca | ||
| 041 | |a SON | ||
| 041 | |a ALE | ||
| 082 | |a 784. 04 |b BAC JOH V. 1 | ||
| 100 | |a Bach, Johann Sebastian |e (música) | ||
| 240 | 1 | 1 | |a [Bach: Cantatas] |
| 240 | 1 | 1 | |a [Cantata para el décimo séptimo domingo después de la Trinidad] |
| 240 | 1 | 1 | |a [Despertad, una voz os llama] |
| 240 | 1 | 1 | |a [Cantata N° 147, de Johann Sebastian Bach] |
| 240 | 1 | 1 | |a [Cantata para la fiesta de la Visitación de María] |
| 240 | 1 | 4 | |a [El corazón, la palabra, los actos y la vida] |
| 245 | 1 | 0 | |a Bach : |b Cantatas : Wachet auf, ruft uns die Stimme ; Herz und Mund und Tat und Leben / |c Música de J.S. Bach ; ejecución musical de The Monteverdi Choir, The English Baroque Soloists ; soprano R. Holton ; contratenor M. Chance ; tenor A.R. Johnson ; bajo (voz) S. Varcoe ; dir. musical y texto del folleto de J.E. Gardiner ; texto del folleto R. Tatlow ; tr. por Reinhard Lüthje, Dennis Collins. |
| 264 | 4 | |a Hamburgo, Alemania : |b Deutsche Grammophon, |c 1992, c1992 | |
| 300 | |a 1 disco compacto sonoro (52 min.) + |e 1 folleto (31 p.) | ||
| 336 | |a música interpretada |b prm |2 rdacontenido | ||
| 337 | |a audio |b s |2 rdamedio | ||
| 338 | |a disco sonoro |b sd |2 rdasoporte | ||
| 440 | 1 | |a (Bach Cantata Pilgrimage) | |
| 440 | 1 | |a (Archiv Produktion) | |
| 545 | 0 | |a Calificado por los expertos como el máximo representante de la música barroca, Johann Sebastian Bach (Eisenach, 1685 – Leipzig, 1750) nació en una familia de gran tradición musical y se formó inicialmente con su padre (violín y rudimentos de teoría) y con su hermano (teclados), para estudiar luego en la Escuela de San Miguel en Lüneburg. Muy joven fue nombrado organista y músico de cámara (1708-1717) en la corte del Duque de Saxe-Weimar, época en que compuso muchas de sus mejores obras para órgano. Después estuvo cinco años como Kapellmeister del príncipe Leopold de Anhalt Köthen, período que vio nacer los Conciertos de Brandenburgo, varios de sus conciertos para violín y numerosas sonatas. Posteriormente se estableció en Leipzig como cantor de la Escuela de Santo Tomás y compositor de la corte del Príncipe Elector de Sajonia; a esos años pertenecen el Magnificat, las tres pasiones (San Juan, San Mateo, San Marcos), los tres oratorios (Navidad, Pascua, Asunción) y múltiples cantatas, entre otros. La crítica considera que Bach hizo una síntesis magistral de las formas y estilos existentes, llevando a su esplendor las posibilidades técnicas y estéticas de la polifonía y produciendo una obra que aúna la perfección técnica con la belleza y la profundidad intelectual. Además de lo ya citado, en su extensa obra destacan también El clave bien temperado, la Fantasía cromática y fuga, la Misa en Si menor, el Clavier-Ubung, el Concierto italiano, El arte de la fuga, la Ofrenda musical y las Variaciones Goldberg. | |
| 546 | |a Edición trilingüe alemán-francés-inglés (folleto) | ||
| 649 | |a XX | ||
| 650 | |a Cantata Sacra - |z Alemania | ||
| 650 | |a Música Vocal - |z Alemania | ||
| 650 | |a Música Sacra - |z Alemania | ||
| 650 | |a Música Barroca - |z Alemania | ||
| 650 | |a Música de Concierto - |z Alemania | ||
| 650 | |a Música Alemana - |y Siglo XVIII | ||
| 650 | |a Visitación de la Virgen en la Música | ||
| 650 | |a Virgen María en la Música | ||
| 740 | 0 | |a Wachet auf, ruft uns die Stimme, BWV 140 / |c Música de J.S. Bach ; ejecución musical de The Monteverdi Choir, The English Baroque Soloists ; soprano R. Holton ; contratenor M. Chance ; tenor A.R. Johnson ; bajo (voz) S. Varcoe ; dir. musical y texto del folleto de J.E. Gardiner ; texto del folleto R. Tatlow ; tr. por Reinhard Lüthje, Dennis Collins. | |
| 740 | 0 | |a Herz und Mund und Tat und Leben, BWV 147 / |c Música de J.S. Bach ; ejecución musical de The Monteverdi Choir, The English Baroque Soloists ; soprano R. Holton ; contratenor M. Chance ; tenor A.R. Johnson ; bajo (voz) S. Varcoe ; dir. musical y texto del folleto de J.E. Gardiner ; texto del folleto R. Tatlow ; tr. por Reinhard Lüthje, Dennis Collins. | |
| 710 | |a The Monteverdi Choir |e (voz) | ||
| 710 | |a The English Baroque Soloists |e (ejecución musical) | ||
| 700 | |a Holton, Ruth |e (voz) | ||
| 700 | |a Chance, Michael |e (voz) | ||
| 700 | |a Johnson, Anthony Rolfe |e (voz) | ||
| 700 | |a Varcoe, Stephen |e (voz) | ||
| 700 | |a Gardiner, John Eliot |e (dirección musical y texto del folleto) | ||
| 700 | |a Tatlow, Ruth |e (texto del folleto) | ||
| 910 | |a Fondo General | ||
| 920 | |a Sonoros - CDs | ||
| 940 | |a CDs de Música | ||
| 905 | |a 401 | ||
| 901 | |a 0500148384 |b IT2 |c CDM |u 20250521 | ||
| 901 | |a 0500148387 |b IT2 |c MIM |u 20251020 | ||
| 902 | |a https://opac.biblio.iteso.mx/vufind/Record/000189575 | ||